| Tag |
First Indicator |
Second Indicator |
Subfields |
| LEADER |
00000cam a22000001 4500 |
| 001 |
in00000042325 |
| 005 |
20151007072645.0 |
| 008 |
750827s1948 dcuab b f100 0 eng c |
| 010 |
|
|
|a 49046037
|
| 035 |
|
|
|a (OCoLC)ocm01576910
|
| 035 |
|
|
|a (OCoLC)01576910
|
| 035 |
|
|
|9 AAE8311AM
|
| 035 |
|
|
|a (OCoLC)1576910
|
| 040 |
|
|
|a DLC/ICU
|c CGU
|d DLC
|d OCL
|d BTCTA
|d UtOrBLW
|
| 049 |
|
|
|a TXAM
|
| 050 |
0 |
0 |
|a QE581
|b .F4 1947
|
| 082 |
0 |
0 |
|a 551.3
|
| 111 |
2 |
|
|a Federal Inter-agency Sedimentation Conference
|n (1st :
|d 1947 :
|c Denver, Colo.)
|
| 245 |
1 |
0 |
|a Proceedings of the Federal Inter-Agency Sedimentation Conference :
|b held at Bureau of Reclamation Laboratories, Denver, May 6-8, 1947 ... /
|c edited and prepared for publication by Bureau of Reclamation, United States Department of the Interior.
|
| 264 |
|
1 |
|a Washington :
|b The Bureau,
|c 1948.
|
| 300 |
|
|
|a x, 314 pages :
|b illustrations, maps. ;
|c 26 cm.
|
| 336 |
|
|
|a text
|b txt
|2 rdacontent
|
| 337 |
|
|
|a unmediated
|b n
|2 rdamedia
|
| 338 |
|
|
|a volume
|b nc
|2 rdacarrier
|
| 500 |
|
|
|a "January 1948."
|
| 500 |
|
|
|a Errata slip attached to inside of front cover.
|
| 504 |
|
|
|a Includes bibliographical references.
|
| 650 |
|
0 |
|a Sedimentation and deposition
|z United States
|v Congresses.
|
| 650 |
|
0 |
|a Sediments (Geology)
|z United States.
|
| 650 |
|
0 |
|a Hydraulic engineering
|z United States
|v Congresses.
|
| 710 |
1 |
|
|a United States.
|b Bureau of Reclamation.
|
| 938 |
|
|
|a Baker and Taylor
|b BTCP
|n 49046037
|
| 948 |
|
|
|a cataloged
|b h
|c 2007/6/26
|d c
|e rrojas
|
| 994 |
|
|
|a C0
|b TXA
|
| 999 |
|
|
|a MARS
|
| 999 |
f |
f |
|s 93763c61-2a7a-34a4-a201-a648d9701c21
|i 19b18f01-9581-35e7-a628-b32207d58362
|t 0
|
| 952 |
f |
f |
|p ric
|a Texas A&M University
|b Rellis Campus
|c Joint Library Facility
|d Remote Storage
|t 0
|e QE581 .F4 1947
|h Library of Congress classification
|i unmediated -- volume
|m A14800951266
|
| 998 |
f |
f |
|a QE581 .F4 1947
|t 0
|l Remote Storage
|